000 00398nam a2200169Ia 4500
001 9522
003 IN-NITTTR
005 20251114233048.0
008 251113s9999||||xx |||||||||||||| ||eng||
040 _beng
040 _cIN-NITTTR
041 _aeng
082 _a155.5 J487 P
100 _aJersild, Arthur T.
245 4 _aThe psycology of adolescence /
_cJersild, Arthur T.
942 _2ddc
_cBK
999 _c12159
_d12159